Skateboarding / (Record no. 33355)
[ view plain ]
| 000 -LEADER | |
|---|---|
| fixed length control field | 02231nam a22003258a 4500 |
| 005 - DATE AND TIME OF LATEST TRANSACTION | |
| control field | 20091224144740.0 |
| 008 - FIXED-LENGTH DATA ELEMENTS--GENERAL INFORMATION | |
| fixed length control field | 080602s2009 nyu j 001 0 eng |
| 010 ## - LCCN (DPL NO) | |
| LC control number | B-389580-586 |
| 020 ## - INTERNATIONAL STANDARD BOOK NUMBER | |
| International Standard Book Number | 9781846967153 |
| Terms of availability | 150.00 |
| 035 ## - SYSTEM CONTROL NUMBER | |
| System control number | B-389580-586 |
| 037 ## - SOURCE OF ACQUISITION | |
| Source of stock number/acquisition | Scholastic |
| 040 ## - CATALOGING SOURCE | |
| Original cataloging agency | dpl |
| Language of cataloging | English |
| 082 ## - DEWEY DECIMAL CLASSIFICATION NUMBER | |
| Classification number | 796.22 |
| 100 ## - MAIN ENTRY--PERSONAL NAME | |
| Personal name | Horsley, Andy |
| 245 ## - TITLE STATEMENT | |
| Title | Skateboarding / |
| Statement of responsibility, etc | by Andy Horsley |
| 260 ## - PUBLICATION, DISTRIBUTION, ETC. (IMPRINT) | |
| Place of publication, distribution, etc | Kent |
| Name of publisher, distributor, etc | Ticktock Media |
| Date of publication, distribution, etc | 2008 |
| 270 ## - ADDRESS | |
| Address | The Old Sawmill, 103 Goods Station Road, Tunbridge Wells |
| City | Kent |
| 300 ## - PHYSICAL DESCRIPTION | |
| Extent | 32p.: |
| Other physical details | col. photos |
| Dimensions | 25cm(pbk) |
| 500 ## - GENERAL NOTE | |
| General note | Includes index |
| 650 ## - SUBJECT ADDED ENTRY--TOPICAL TERM | |
| Topical term or geographic name as entry element | Skateboarding |
| Form subdivision | Juvenile literature. |
| 942 ## - ADDED ENTRY ELEMENTS (KOHA) | |
| Source of classification or shelving scheme | Dewey Decimal Classification |
| Item type | Children Books |
| Classification part | 796.22 |
| Call number suffix | HOR |
| Withdrawn status | Lost status | Source of classification or shelving scheme | Damaged status | Not for loan | Collection code | Home library | Current library | Date acquired | Source of acquisition | Cost, normal purchase price | Total Checkouts | Full call number | Barcode | Date last seen | Copy number | Cost, replacement price | Koha item type |
|---|---|---|---|---|---|---|---|---|---|---|---|---|---|---|---|---|---|
| Dewey Decimal Classification | Non-fiction | Central Library | Central Library | 31/05/2010 | Scholastic/TR-B-02585HQ/29.3.20/169/27.1.10/29.3.10 | 150.00 | 796.22 HOR | B-389580 | 31/05/2010 | 1 | 150.00 | Children Books | |||||
| Dewey Decimal Classification | Non-fiction | Janak Puri | Janak Puri | 31/05/2010 | Scholastic/TR-B-02585HQ/29.3.20/169/27.1.10/29.3.10 | 150.00 | 12 | 796.22 HOR | B-389582 | 01/02/2012 | 1 | 150.00 | Children Books | ||||
| Dewey Decimal Classification | Non-fiction | Karol Bagh | Karol Bagh | 31/05/2010 | Scholastic/TR-B-02585HQ/29.3.20/169/27.1.10/29.3.10 | 150.00 | 796.22 HOR | B-389585 | 31/05/2010 | 1 | 150.00 | Children Books | |||||
| Written-off vide DLB M. No. 383 dt 16.05.19 | Dewey Decimal Classification | Non-fiction | Patel Nagar | Patel Nagar | 31/05/2010 | Scholastic/TR-B-02585HQ/29.3.20/169/27.1.10/29.3.10 | 150.00 | 796.22 HOR | B-389581 | 31/05/2010 | 1 | 150.00 | Children Books | ||||
| Dewey Decimal Classification | Non-fiction | Sarojini Nagar | Sarojini Nagar | 31/05/2010 | Scholastic/TR-B-02585HQ/29.3.20/169/27.1.10/29.3.10 | 150.00 | 796.22 HOR | B-389583 | 31/05/2010 | 1 | 150.00 | Children Books | |||||
| Written-off vide DLB M. No. 383 dt 16.05.19 | Dewey Decimal Classification | Non-fiction | Shahdara Branch | Shahdara Branch | 31/05/2010 | Scholastic/TR-B-02585HQ/29.3.20/169/27.1.10/29.3.10 | 150.00 | 796.22 HOR | B-389586 | 31/05/2010 | 1 | 150.00 | Children Books | ||||
| Dewey Decimal Classification | Non-fiction | Vinoba Puri | Vinoba Puri | 31/05/2010 | Scholastic/TR-B-02585HQ/29.3.20/169/27.1.10/29.3.10 | 150.00 | 5 | 796.22 HOR | B-389584 | 18/07/2013 | 1 | 150.00 | Children Books |
